000 00519cam a2200217ua 4500
001 8451
005 20260515114334.0
008 150130n ii |||frmmmmZ001|0|eng
020 _a9780195688603
040 _cMAIN
041 _aeng
082 _a821
100 _aPatke, R. S.,
_eAuthor.
245 1 _aPostcolonial poetry in english
_cBy Rajeev S. Patke
250 _a3rd.
260 _aNew Delhi:
_bOxford,
_c2009.
300 _a267p.
653 _aEnglish poetry
653 _aPostcolonial poetry
942 _cBK
999 _c7553
_d7553